Score 0/30 Timer 07:00
1 Play Today
Start of title End of title % Correct
Charlie and the...Chocolate Factory
96.5%
The Lion, the Witch...And the Wardrobe
95.2%
The Hitchhiker's...Guide to the Galaxy
91.1%
Men Are from Mars...Women Are from Venus
89.2%
Journey to the...Center of the Earth
78.8%
All Quiet...On the Western Front
78.8%
One Flew...Over the Cuckoo's Nest
78.7%
The Old Man...And the Sea
72.4%
The Girl with...The Dragon Tattoo
63%
The Hunt...For Red October
62.4%
I Know Why...The Caged Bird Sings
52%
The Bridge over...The River Kwai
44.1%
A Portrait of the Artist...As a Young Man
44%
A Connecticut Yankee...In King Arthur's Court
43.9%
How to Win Friends...And Influence People
42.8%
Start of title End of title % Correct
Their Eyes...Were Watching God
41.3%
The Bonfire...Of the Vanities
39%
Midnight in the...Garden of Good and Evil
37%
The Man with...The Golden Gun
31.1%
The Spy Who...Came in from the Cold
30.3%
A Thousand...Splendid Suns
28.5%
The Seven Habits of...Highly Effective People
26.8%
The Winter...Of Our Discontent
25.9%
The Heart Is...A Lonely Hunter
23.7%
How Green...Was My Valley
23.2%
One Fish, Two Fish...Red Fish, Blue Fish
12.7%
An Inquiry into the Nature and Causes of...The Wealth of Nations
11.4%
Through the Looking-Glass and...What Alice Found There
10.9%
Murder on...The Orient Express
10.8%
The Fault...In Our Stars
9%
Remove Ads.
Support Sporcle.
Get the best of Sporcle when you Go Orange. This ad-free experience offers more features, more stats, and more fun while also helping to support Sporcle. Thank you for becoming a member.

You're not logged in!

Compare scores with friends on all Sporcle quizzes.
OR
Log In

Show Comments

Extras

Top Quizzes Today


Score Distribution

Your Account Isn't Verified!

In order to create a playlist on Sporcle, you need to verify the email address you used during registration. Go to your Sporcle Settings to finish the process.

Report this User

Report this user for behavior that violates our Community Guidelines.

Details: